| 000 | 01524cam a2200397 4500 | ||
|---|---|---|---|
| 001 | X113243 | ||
| 008 | 000000n2001 000 0 eng u | ||
| 035 | _a(Sirsi) u113243 | ||
| 100 | _aPuybaraud, M. | ||
| 245 | _aEuropean directives: fire safety on construction sites in the United Kingdom and France | ||
| 260 | _c2001 | ||
| 490 |
_aConstruction Law Journal _v17(1) 2001, 14-24(11) |
||
| 520 | _aCompares the legislative response of the UK and France to European Union directives on health and safety and fire safety on construction sites. References, case law. | ||
| 650 | _aCONSTRUCTION (DESIGN AND MANAGEMENT) REGULATIONS 1994 | ||
| 650 | _aCONSTRUCTION (DESIGN AND MANAGEMENT) REGULATIONS 1994 | ||
| 650 | _aCONSTRUCTION (LIFTING OPERATIONS) REGULATIONS 1961 | ||
| 650 | _aCONSTRUCTION (HEALTH AND WELFARE) REGULATIONS 1966 | ||
| 650 | _aDIRECTIVE 77/576/EEC | ||
| 650 | _aDIRECTIVE 89/391/EEC | ||
| 650 | _aDIRECTIVE 89/654/EEC | ||
| 650 | _aDIRECTIVE 92/57/EEC | ||
| 650 | _aDIRECTIVE 92/58/EEC | ||
| 650 | _aEC DIRECTIVES | ||
| 650 | _aEU DIRECTIVES | ||
| 650 | _aEUROPEAN DIRECTIVES | ||
| 650 | _aFIRE PRECAUTIONS (WORKPLACE) REGULATIONS 1997 | ||
| 650 | _aMANAGEMENT-HEALTH AND SAFETY-FIRE SAFETY | ||
| 650 | _aFRAMEWORK DIRECTIVE | ||
| 650 | _aFRANCE | ||
| 650 | _aFRENCH LAW | ||
| 650 | _aTEMPORARY AND MOBILE CONSTRUCTION ON SITES DIRECTIVE | ||
| 650 | _aDIRECTIVE 89/654/EEC | ||
| 690 | _aBUILT ENVIRONMENT-BUILDING STANDARDS | ||
| 700 | _aTephany, H. | ||
| 942 | _n0 | ||
| 999 |
_c67447 _d67447 |
||